000
00270 a2200097 4500
001
34591
100
_a
Ibbostson, Lem
245
_a
Fundamentals of Signal Transmission; inline, wave guide, fiber and free space
260
_a
London
_b
Arnold
_c
1999
090
_c
22874
_d
22874
942
_a
NUST-CAE
_c
M
_c
14307
999
_c
269664
_d
269664